000 00501cam a2200157 4500500
005 20260222000721.0
041 _afre
042 _adc
100 1 0 _aBoniface, Pascal
_eauthor
700 1 0 _aRébillard, Chloé
_eauthor
245 0 0 _a«Le monde unipolaire n'existe plus»
260 _c2017.
500 _a99
786 0 _nSciences Humaines | 290 | 3 | 2017-03-01 | p. 3-3 | 0996-6994
856 4 1 _uhttps://shs.cairn.info/magazine-sciences-humaines-2017-3-page-3?lang=fr&redirect-ssocas=7080
999 _c1663206
_d1663206